Residential property price report 1999. April-June, July-September. (Record no. 99661)

MARC details
000 -LEADER
fixed length control field 00663cam a2200229 4500
001 - CONTROL NUMBER
control field J100236
008 - FIXED-LENGTH DATA ELEMENTS--GENERAL INFORMATION
fixed length control field 000000n1999 000 0 eng u
035 ## - SYSTEM CONTROL NUMBER
System control number (Sirsi) u100236
041 ## - LANGUAGE CODE
Language code of text/sound track or separate title ENG
050 ## - LIBRARY OF CONGRESS CALL NUMBER
Classification number 333.33
110 ## - MAIN ENTRY--CORPORATE NAME
Corporate name or jurisdiction name as entry element HM Land Registry
9 (RLIN) 1247
245 ## - TITLE STATEMENT
Title Residential property price report 1999. April-June, July-September.
260 ## - PUBLICATION, DISTRIBUTION, ETC.
Place of publication, distribution, etc. London
Name of publisher, distributor, etc. HM Land Registry
Date of publication, distribution, etc. 1999
300 ## - PHYSICAL DESCRIPTION
Extent 3 pt ; 30cm.
650 ## - SUBJECT ADDED ENTRY--TOPICAL TERM
Topical term or geographic name entry element HOUSE PRICES
650 ## - SUBJECT ADDED ENTRY--TOPICAL TERM
Topical term or geographic name entry element HOUSING MARKET
650 ## - SUBJECT ADDED ENTRY--TOPICAL TERM
Topical term or geographic name entry element PRICES
650 ## - SUBJECT ADDED ENTRY--TOPICAL TERM
Topical term or geographic name entry element RESIDENTIAL PROPERTY
9 (RLIN) 6266
690 ## - LOCAL SUBJECT ADDED ENTRY--TOPICAL TERM (OCLC, RLIN)
Topical term or geographic name as entry element PROPERTY-RESIDENTIAL PROPERTY-RESIDENTIAL PROPERTY MARKET
856 ## - ELECTRONIC LOCATION AND ACCESS
Uniform Resource Identifier <a href="https://www.landreg.gov.uk">https://www.landreg.gov.uk</a>
942 ## - ADDED ENTRY ELEMENTS (KOHA)
Suppress in OPAC 0
Holdings
Withdrawn status Lost status Source of classification or shelving scheme Damaged status Not for loan Home library Current library Shelving location Date acquired Total Checkouts Full call number Barcode Date last seen Copy number Price effective from Koha item type
    Dewey Decimal Classification     London London Enquiry desk 04/10/1999   STATISTICS 30059323 06/08/2019 1 06/08/2019 Reference material
    Dewey Decimal Classification     London London Enquiry desk 25/11/1999   STATISTICS 30060203 06/08/2019 2 06/08/2019 Reference material
    Dewey Decimal Classification     London London Enquiry desk 26/11/1999   STATISTICS 30060215 06/08/2019 3 06/08/2019 Reference material
    Dewey Decimal Classification     London London Enquiry desk 26/11/1999   STATISTICS 30060214 06/08/2019 4 06/08/2019 Reference material
    Dewey Decimal Classification     London London Statistics 29/02/2000   STATISTICS 30060742 06/08/2019 5 06/08/2019 Reference material
    Dewey Decimal Classification     London London Statistics 29/02/2000   STATISTICS 30060743 06/08/2019 6 06/08/2019 Reference material